| 000 | 00686nam a2200289Ia 4500 | ||
|---|---|---|---|
| 005 | 20260121125405.0 | ||
| 008 | 008 260114s9999 xx 000 0 eng d | ||
| 020 | _a9781526113825 | ||
| 037 | _aEBOOK | ||
| 040 | _aCRL | ||
| 040 | _beng | ||
| 040 | _cCRL | ||
| 041 | _2eng | ||
| 041 | _aeng | ||
| 084 | _qCRL | ||
| 100 |
_aColville, Quintin _9992155 |
||
| 245 | 2 | _aA new naval history | |
| 260 | _bWalter de Gruyter | ||
| 260 | _bWalter de Gruyter | ||
| 260 | _c2018 | ||
| 650 |
_aHistory _9992156 |
||
| 700 |
_a Davey, James _9992157 |
||
| 856 | _uhttp://www.degruyter.com/isbn/9781526113825 | ||
| 942 | _cEBOOK | ||
| 999 |
_c1561662 _d1561662 |
||